Energy and the new reality 2 : (Record no. 355378)

000 -LEADER
fixed length control field 01288cam a2200373 a 4500
001 - CONTROL NUMBER
control field 16063587
003 - CONTROL NUMBER IDENTIFIER
control field Nust- CAS-E
005 - DATE AND TIME OF LATEST TRANSACTION
control field 20180118181400.0
008 - FIXED-LENGTH DATA ELEMENTS--GENERAL INFORMATION
fixed length control field 100121s2010 enkab b 001 0 eng
010 ## - LIBRARY OF CONGRESS CONTROL NUMBER
LC control number 2009053713
020 ## - INTERNATIONAL STANDARD BOOK NUMBER
International Standard Book Number 9781844079131
020 ## - INTERNATIONAL STANDARD BOOK NUMBER
International Standard Book Number 1844079139
020 ## - INTERNATIONAL STANDARD BOOK NUMBER
International Standard Book Number 9781849710732
020 ## - INTERNATIONAL STANDARD BOOK NUMBER
International Standard Book Number 1849710732
035 ## - SYSTEM CONTROL NUMBER
System control number (OCoLC)ocn441208294
040 ## - CATALOGING SOURCE
Original cataloging agency DLC
Transcribing agency DLC
Modifying agency BTCTA
-- YDXCP
-- BWKUK
-- BWK
-- BWX
-- AGL
-- DLC
050 00 - LIBRARY OF CONGRESS CALL NUMBER
Classification number TJ163.3
Item number .H3825 2010
070 0# - NATIONAL AGRICULTURAL LIBRARY CALL NUMBER
Classification number TJ163.3
Item number .H3825 2010
082 00 - DEWEY DECIMAL CLASSIFICATION NUMBER
Classification number 333.79
Edition number 22
Author Mark 2010 HAR
100 1# - MAIN ENTRY--PERSONAL NAME
Personal name Harvey, Leslie Daryl Danny,
Dates associated with a name 1956-
245 10 - TITLE STATEMENT
Title Energy and the new reality 2 :
Remainder of title carbon-free energy supply /
Statement of responsibility, etc. L.D. Danny Harvey.
246 3# - VARYING FORM OF TITLE
Title proper/short title Carbon-free energy supply
260 ## - PUBLICATION, DISTRIBUTION, ETC.
Place of publication, distribution, etc. London ;
-- Washingon, DC :
Name of publisher, distributor, etc. Earthscan,
Date of publication, distribution, etc. 2010.
300 ## - PHYSICAL DESCRIPTION
Extent xlix, 576 p. :
Other physical details ill., maps ;
Dimensions 26 cm.
504 ## - BIBLIOGRAPHY, ETC. NOTE
Bibliography, etc. note Includes bibliographical references and index.
650 #0 - SUBJECT ADDED ENTRY--TOPICAL TERM
Topical term or geographic name entry element Renewable energy sources.
650 #0 - SUBJECT ADDED ENTRY--TOPICAL TERM
Topical term or geographic name entry element Carbon dioxide mitigation.
650 #0 - SUBJECT ADDED ENTRY--TOPICAL TERM
Topical term or geographic name entry element Energy conservation.
650 #0 - SUBJECT ADDED ENTRY--TOPICAL TERM
Topical term or geographic name entry element Energy consumption.
650 #0 - SUBJECT ADDED ENTRY--TOPICAL TERM
Topical term or geographic name entry element Climatic changes
General subdivision Prevention.
906 ## - LOCAL DATA ELEMENT F, LDF (RLIN)
a 7
b cbc
c orignew
d 1
e ecip
f 20
g y-gencatlg
942 ## - ADDED ENTRY ELEMENTS (KOHA)
Source of classification or shelving scheme
Koha item type Book
Holdings
Withdrawn status Lost status Source of classification or shelving scheme Damaged status Not for loan Collection code Permanent Location Current Location Shelving location Date acquired Source of acquisition Total Checkouts Full call number Barcode Date last seen Cost, replacement price Price effective from Koha item type
            US-Pakistan Center for Advanced Studies in Energy (USPCAS-E) US-Pakistan Center for Advanced Studies in Energy (USPCAS-E) General Stacks 04/22/2013 Victoria co   333.79 2010 HAR CAS-E0000274 06/17/2014 17970.00 06/17/2014 Book
© 2023 Central Library, National University of Sciences and Technology. All Rights Reserved.